| 000 | 00579nam a2200193 a 4500 | ||
|---|---|---|---|
| 005 | 20140310183604.0 | ||
| 008 | 120611s19uu xx 00 eng d | ||
| 020 | _a1424069246 | ||
| 050 |
_aP 93.5 _b.L47 2011 |
||
| 100 | _aLester, Paul Martin | ||
| 245 |
_aVisual communication : _bimmages with messages / _cPaul Martin Lester. |
||
| 250 | _a5th ed. | ||
| 260 |
_aBoston, United States : _bWadsworth/Cengage Learning, _c2011. |
||
| 300 |
_axiii, 434 p. : _c28 cm. |
||
| 500 | _aIncludes index | ||
| 650 | _aVisual communication | ||
| 942 |
_cBK _2lcc _kFOR |
||
| 999 |
_c25140 _d25140 |
||